Score 0/276 Timer 10:00
1 Play Today
% Correct
the
98.5%
the
98.5%
The
98.5%
The
98.5%
the
98.5%
the
98.5%
the
98.5%
the
98.5%
The
98.5%
the
98.5%
The
98.5%
the
98.5%
The
98.5%
the
98.5%
the
98.5%
the
98.5%
The
98.5%
the
98.5%
the
98.5%
the
98.5%
the
98.5%
The
98.5%
To
97.4%
to
97.4%
to
97.4%
to
97.4%
To
97.4%
to
97.4%
to
97.4%
to,
97.4%
to
97.4%
To
97.4%
to
97.4%
To
97.4%
to
97.4%
To
97.4%
to
97.4%
be,
97%
be:
97%
is
97%
is
97%
be
97%
Is
97%
Be
97%
or
96.7%
or
96.7%
that
96.3%
That
96.3%
that
96.3%
That
96.3%
That
96.3%
that
96.3%
that
96.3%
not
96.2%
No
96.2%
No
96.2%
not
96.2%
question:
95.7%
a
94.4%
a
94.4%
a
94.4%
a
94.4%
a
94.4%
in
87.4%
in
87.4%
in
87.4%
and
87.4%
And
87.4%
and
87.4%
and
87.4%
and
87.4%
and
87.4%
and
87.4%
And
87.4%
And
87.4%
And
87.4%
and
87.4%
And
87.4%
of
86.8%
of
86.8%
of
86.8%
of
86.8%
of
86.8%
of
86.8%
of
86.8%
of
86.8%
of
86.8%
of?
86.8%
of
86.8%
of
86.8%
of
86.8%
of
86.8%
% Correct
of
86.8%
Whether
85.8%
'tis
85.3%
'tis
85.3%
nobler
84.8%
For
84.1%
For
84.1%
mind
79.5%
arrows
77.5%
slings
77%
suffer
75.3%
sleep;
74.8%
sleep
74.8%
sleep;
74.8%
sleep:
74.8%
sleep
74.8%
fortune,
72.8%
dream:
72.3%
die:
72.2%
die,
72.2%
we
71.6%
we
71.6%
we
71.6%
we
71.6%
outrageous
71.5%
he
69.3%
end
68.5%
end
68.5%
them?
67.8%
by
67.7%
by
67.7%
perchance
67.4%
what
66.4%
take
65.5%
death
64.9%
death,
64.9%
sea
63.7%
against
62.9%
When
62.7%
When
62.7%
arms
62.2%
this
61.8%
this
61.8%
troubles,
61.2%
more;
60.9%
so
59.7%
opposing
58.6%
come
58.4%
may
58.2%
who
57%
who
57%
have
56.7%
have
56.7%
rub;
56.3%
there's
56.2%
there's
56.2%
dreams
56.1%
ay,
55.4%
off
54.9%
life;
54.3%
life,
54.3%
us
53.1%
us
53.1%
us
53.1%
mortal
52.5%
coil,
51.9%
say
50.9%
all;
49.7%
all
49.7%
my
48.9%
would
48.8%
would
48.8%
make
47.1%
make
47.1%
shuffled
47%
flesh
46.7%
from
46.7%
love,
46.7%
wish'd
46.6%
thousand
46.6%
heir
46.2%
Devoutly
46%
With
45.7%
with
45.7%
With
45.7%
you
45.4%
time,
45.3%
give
45.3%
consummation
44.3%
Must
44.1%
natural
44.1%
But
44%
% Correct
shocks
43.8%
bear
43.8%
bear,
43.8%
bear
43.8%
know
43.6%
his
43.2%
heart-ache
42.7%
will
41.4%
long
40.8%
pause:
40.5%
Ophelia!
40.4%
does
39.7%
makes
39.5%
makes
39.5%
thy
39.1%
bare
39.1%
bodkin?
38.4%
Thus
37.7%
thus
37.7%
whips
37.6%
Than
37.4%
country
37.4%
man's
37.1%
scorns
36.9%
fair
36.6%
those
36.2%
might
36.2%
contumely,
35.6%
cowards
35.4%
returns,
35.4%
undiscover'd
35.2%
proud
35.1%
calamity
35%
whose
34.8%
traveller
34.8%
under
34.5%
now!
34.4%
o'er
34.2%
bourn
33.8%
sins
33.8%
quietus
33.4%
after
33.4%
remember'd.
33.3%
Nymph,
33.3%
conscience
33.2%
pangs
33.2%
law's
32.6%
fardels
32.3%
delay,
32%
office
32%
thought,
31.9%
despised
31.7%
wrong,
31.6%
himself
31.5%
oppressor's
31.2%
respect
31.1%
sweat
31.1%
orisons
30.9%
something
30.6%
insolence
30.4%
Soft
30.4%
grunt
30.3%
rather
30.1%
weary
29.7%
ills
29.3%
fly
29.2%
their
28.5%
pale
28.2%
cast
28.2%
others
27.6%
takes,
27.4%
hue
26.9%
merit
26.9%
great
26.9%
action. --
26.7%
puzzles
26.5%
name
26.4%
dread
26.4%
sicklied
26.3%
resolution
25.9%
patient
25.9%
unworthy
25.7%
native
25.3%
lose
25.2%
moment
24.4%
pith
24.2%
turn
23.2%
spurns
22.9%
awry,
22.7%
enterprises
21.7%
currents
20.5%
regard
18.8%

You're not logged in!

Compare scores with friends on all Sporcle quizzes.
OR
Log In

Sporcle TV

Today on Sporcle TV


Watch our educational content, quiz creation guides, and fun videos on Sporcle TV.

Show Comments

Extras

Top Quizzes Today


Score Distribution

Paid Content

Your Account Isn't Verified!

In order to create a playlist on Sporcle, you need to verify the email address you used during registration. Go to your Sporcle Settings to finish the process.

Report this User

Report this user for behavior that violates our Community Guidelines.

Details: